International Finance: theory into Practice (Record no. 5455)

MARC details
005 - DATE AND TIME OF LATEST TRANSACTION
control field 20250626172644.0
020 ## - INTERNATIONAL STANDARD BOOK NUMBER
International Standard Book Number 9780691136677
082 ## - DEWEY DECIMAL CLASSIFICATION NUMBER
Classification number 332.042 SER
100 ## - MAIN ENTRY--PERSONAL NAME
Author name SERCU,P.
245 ## - TITLE STATEMENT
Title International Finance: theory into Practice
260 ## - PUBLICATION, DISTRIBUTION, ETC.
Place of publication, distribution, etc. New York
Name of publisher, distributor, etc. princeton University
Date of publication, distribution, etc. 2009
300 ## - PHYSICAL DESCRIPTION
Extent xiii,816p.:tables
Other physical details Index
Dimensions 25cm.
942 ## - ADDED ENTRY ELEMENTS (KOHA)
Source of classification or shelving scheme Dewey Decimal Classification
Koha item type Books
Holdings
Date last seen Total checkouts Full call number Barcode Cost, replacement price Price effective from Koha item type Lost status Source of classification or shelving scheme Damaged status Not for loan Withdrawn status Home library Current library Shelving location Date acquired Source of acquisition Cost, normal purchase price
06/26/2025   332.042 SER DOM000711 207000.00 06/26/2025 Books   Dewey Decimal Classification       CBE Dodoma CBE Dodoma General Collection 05/26/2015 Library budget 69000.00
06/26/2025   332.042 SER DOM000698 207000.00 06/26/2025 Books   Dewey Decimal Classification       CBE Dodoma CBE Dodoma General Collection 05/26/2015 Library budget 69000.00
06/26/2025   332.042 SER DOM000710 207000.00 06/26/2025 Books   Dewey Decimal Classification       CBE Dodoma CBE Dodoma General Collection 05/26/2015 Library budget 69000.00